MARC

LEADER 00000nam0a2200000 4500
001 317724
005 20231102003014.0
010 |a 3540104631 
035 |a (RuTPU)RU\TPU\book\343192 
090 |a 317724 
100 |a 20160412d1981 km y0engy50 ba 
101 0 |a eng 
102 |a DE 
105 |a a z 001zy 
200 1 |a Air Pollution Control Eguipment  |f H. Brauer, Y.B.G. Varna 
210 |a Berlin  |a Heidelberg  |a New York  |c Springer-Verlag  |d 1981 
215 |a 388 p.  |c il. 
320 |a Subject Index: p. 383-388 
606 1 |a Окружающая среда  |x Контроль загрязнения  |2 stltpush  |3 (RuTPU)RU\TPU\subj\38915  |9 59160 
610 1 |a экология 
610 1 |a воздух 
610 1 |a загрязнение 
610 1 |a проблемы 
610 1 |a защита 
610 1 |a вода 
610 1 |a почва 
610 1 |a источники 
610 1 |a технические меры 
610 1 |a промышленная деятельность 
610 1 |a домохозяйства 
610 1 |a технические процессы 
610 1 |a загрязняющие вещества 
610 1 |a оборудование 
610 1 |a проектирование 
610 1 |a эксплуатация 
610 1 |a расчеты 
610 1 |a циклоны 
610 1 |a мокрые пылеуловители 
610 1 |a тканевые фильтры 
610 1 |a электрофильтры 
610 1 |a туманы 
610 1 |a улавливающие устройства 
610 1 |a абсорбционное улавливание 
610 1 |a адсорбционные устройства 
610 1 |a отходящие газы 
610 1 |a очистка 
610 1 |a английский язык 
675 |a 504.064  |v 4 
700 1 |a Brauer  |b H. 
701 1 |a Varna  |b Y.B.G. 
801 1 |a RU  |b 63413507  |c 20160412 
801 2 |a RU  |b 63413507  |c 20200618  |g RCR 
942 |c BK